000 01300nam a2200373 i 4500
001 33343
003 KOSZ 005
005 20220919081143.0
008 980713s1997 pl |000 0 pol
020 _a8320810671
040 _aKOSz 005
_cKOSZ 005
_dKOSZ 005/HR
046 _k1997
080 _a336.76(438)
080 _a347.73(438)
100 1 _aJurga, Robert
_eAutor
245 1 0 _aPapiery wartościowe w obrocie masowym /
_cRobert Jurga, Marek Michalski.
260 _aWarszawa :
_bPolskie Wydawnictwo Ekonomiczne,
_c1997.
300 _a203, [5] s. ;
_c21 cm.
336 _2rdacontent
_aTekst
_btxt
337 _2rdamedia
_aBez urządzenia pośredniczącego
_bn
338 _2rdacarrier
_aWolumin
_bnc
380 _aKsiążki
388 _a1901-2000
388 _a1989-2000
504 _aBibliogr. s. 201-202, wykaz ważniejszych aktów prawnych s. 203-[204].
650 4 _aPapiery wartościowe
650 4 _aRynek kapitałowy
651 7 _aPolska
658 _aGospodarka, ekonomia, finanse
700 1 _aMichalski, Marek
_c(nauki prawne)
_eAutor
710 2 _aPolskie Wydawnictwo Ekonomiczne
_4pbl.
856 _uhttp://koha.tu.koszalin.pl/cgi-bin/koha/opac-detail.pl?biblionumber=33343
_yKatalog online BPK
942 _2UKD
_cKS
999 _c33343
_d33343